Statistics for Guess the 60's Band

Click here to take the quiz!

General Stats

  • This quiz has been taken 46 times
  • The average score is 13 of 16

Answer Stats

Answer% Correct
Led Zeppelin
100%
The Beatles
100%
The Jimi Hendrix Experience
98%
The Beach Boys
95%
The Who
93%
Bob Dylan
90%
The Animals
90%
The Rolling Stones
88%
Cream
86%
The Stooges
86%
The Monkees
81%
The Doors
76%
The Kinks
71%
Creedence Clearwater Revival
62%
The Velvet Underground
62%
The Hollies
48%

Score Distribution

Percentile by Number Answered

Percent of People with Each Score

Your Score History

You have not taken this quiz